Tuyển chọn và dịch các dạng thức nói tắt (Short cuts) trong tiếng Anh

Gardado en:
Detalles Bibliográficos
Autor Principal: Thái Hoàng Thu Nhi.
Outros autores: Trần Đình Nguyên (hướng dẫn.)
Formato: Libro
Idioma:Vietnamese
Publicado: Đà Nẵng, 1993.
Những chủ đề:
Các nhãn: Engadir etiqueta
Sen Etiquetas, Sexa o primeiro en etiquetar este rexistro!
Thư viện lưu trữ: Mạng thư viện Đại học Đà Nẵng
LEADER 01030cmm a2200349 i 4500
001 000044847
003 3257
005 20030508154514.0
008 010312|1993 vm 000 vie
040 |a IRC  |c IRC  |d IRC 
041 0 |a vie 
082 1 4 |a 428.02  |b TH-N 
100 1 |a Thái Hoàng Thu Nhi. 
245 0 0 |a Tuyển chọn và dịch các dạng thức nói tắt (Short cuts) trong tiếng Anh  |h [Thesis-Luận văn] /  |c Thái Hoàng Thu Nhi thực hiện ; Trần Đình Nguyên hướng dẫn. 
260 |a Đà Nẵng,  |c 1993. 
300 |a 40Tr. ;  |c 29.5cm. 
630 0 4 |a Anh ngữ. 
630 0 4 |a Dịch thuật. 
630 0 4 |a Khoá luận. 
630 0 4 |a Dạng thức nói tắt. 
650 0 4 |a Anh ngữ  |x Dịch thuật. 
700 1 |a Trần Đình Nguyên,  |e hướng dẫn. 
OWN |a DUT 
999 |a From the UDN01 
TYP |a Computer file 
TYP |a Monograph 
980 |a Mạng thư viện Đại học Đà Nẵng